000 00443nam a2200181Ia 4500
001 20851
005 20260306172836.0
008 260306t2016||||xx |||||||||||||| ||spa||
041 _aESP
082 _a343.8
_bH58
100 _aHirache Flores, Luz
_eAUT
245 0 _aLibros, registros y comprobantes electrónicos
260 _c2016
300 _a505 páginas :
_c25 cm.
650 _aGEN
654 _aCCO
942 _cLIB
_dJUS
_fJUS
_2ddc
_n
999 _c20851
_d20851